000 00195 a2200085 4500
020 _a9781780672915
100 _aJohn Pile
245 _aA History of Interior Design
260 _b Thames & Hudson
_c2013
999 _c13332
_d13332